Beitrag zur pharmakognostischen Bewertung einiger Arten der Gattung Achillea

Bibliographic Details
Main Author: Košová, Věra (Author)
Format: Article
Language:German

MARC

LEADER 00000nab a2200000uu 4500
001 vtls011539139
003 SK-MaSNL
005 20260303154541.0
008 230222|1959 xo |||||||||||||||||ger|
015 |a SNBRB 
035 |a (urnnbn)urn:nbn:sk:snk:ar-a09pzi 
035 |a (uuid)1d0dd3ce-65a8-4bb6-bddc-00ee3215bd86 
035 |a urn:nbn:sk:snk-abexol 
040 |a SNKBUCL  |b slo  |c SNKBUCL  |e AACR2 
041 0 |a ger 
044 |a xo  |c SK 
100 1 |a Košová, Věra  |4 aut  |9 634298 
245 1 0 |a Beitrag zur pharmakognostischen Bewertung einiger Arten der Gattung Achillea  |c Věra Košová 
773 0 |t Acta Facultatis Pharmaceuticae Brunensis et Bratislaviensis  |g Roč. 2, č. 2 (1959), s. 71-100 
958 |a OND 
958 |a EUIPO 
958 |a article22 
999 |c 2035017  |d 2036947